Macroenvironmental Factors Affecting Human Resource Management – Case of Slovak Republic

Makroenvironmentálne faktory ovplyvňujúce riadenie ľudských zdrojov. Legislatívne, demografické a technologické faktory.

Saved in:
Bibliographic Details
Main Author: Letková, Natália
Format: Book Chapter
Language:English
Subjects:
Tags: Add Tag
No Tags, Be the first to tag this record!

MARC

LEADER 00000nla a2200000 4500
001 0248078
005 20250730115417.1
041 0 |a eng 
044 |a SK 
245 1 0 |a Macroenvironmental Factors Affecting Human Resource Management – Case of Slovak Republic  |c Natália Letková 
520 |a Makroenvironmentálne faktory ovplyvňujúce riadenie ľudských zdrojov. Legislatívne, demografické a technologické faktory. 
610 2 0 |a Slovensko 
610 2 0 |a riadenie ľudských zdrojov 
610 2 0 |a kapitál ľudský 
610 2 0 |a demografia 
610 2 0 |a politika environmentálna 
610 2 0 |a legislatíva 
100 1 |a Letková, Natália